000 00895nam a2200265Ia 4500
003 OSt
005 20221005110117.0
006 a|||||r|||| 00| 0
007 ta
008 221004b |||||||| |||| 00| 0 hin d
020 _a9788126025596 (pbk)
_c200
024 _a93343
037 _b532, 19/03/2009, Vani Prakashan
_cTextual
040 _aCRL
_cCRL
_bhin
041 _2hin
_ahin
082 _aO152,1L70:g, P8
100 _aशर्मा, गीता
245 0 _aबोधा
246 _aBodhā
260 _aनई दिल्ली
_bसाहित्य अकादेमी भारत
_c2008
300 _a131पृ0
_ccm.
490 _aभारतीय साहित्य के निर्माता
942 _hO152,1L70:g, P8
_cTEXL
_2cc
999 _c1017842
_d1017842